| 000 | 00460 a2200157 4500 | ||
|---|---|---|---|
| 003 | OSt | ||
| 005 | 20231108123448.0 | ||
| 008 | 231108b |||||||| |||| 00| 0 eng d | ||
| 040 | _coclc | ||
| 082 |
_a297 _bEDA/M |
||
| 100 |
_aEdavanna, Jameela _99868 |
||
| 245 |
_aMuslim Navothanathile Stree paksham / _cA Jameela teacher Edavanna |
||
| 260 |
_aKerala: _bYuvatha, _c2016. |
||
| 300 | _a239p | ||
| 942 |
_2ddc _cBK _h297 _iEDA/M _k297 _mEDA/M |
||
| 999 |
_c42958 _d42958 |
||